Statistics for 赛马娘所有企划角色 All characters in umamusume

Click here to take the quiz!

General Stats

  • This quiz has been taken 58 times
    (45 since last reset)
  • The average score is 48 of 102

Answer Stats

经典年名称% Correct
1991东海帝王
86%
2012黄金船
83%
1992米浴
83%
1998特别周
81%
1990目白麦昆
81%
1997无声铃鹿
75%
1988小栗帽
75%
1984鲁道夫象征
72%
1998草上飞
67%
2015北部玄驹
67%
1992待兼诗歌剧
67%
1977丸善斯基
64%
1990目白莱恩
64%
1998青云天空
64%
1991双涡轮
64%
1999好歌剧
64%
1987黄金城市
64%
2016里见光钻
64%
2007大和赤骥
61%
1998神鹰
61%
1996气槽
58%
2001曼城茶座
58%
2007伏特加
58%
1994菱亚马逊
58%
1988超级溪流
58%
1993成田大进
56%
1997大树快车
56%
1993琵琶晨光
56%
1987玉藻十字
56%
1992樱花进王
56%
2008醒目飞鹰
56%
1992美浦波旁
56%
1991优秀素质
56%
1999春乌拉拉
56%
1988目白阿尔丹
56%
1990目白善信
56%
1993胜利奖券
53%
1994成田白仁
53%
1995摩耶重炮
53%
2015里见皇冠
53%
2000爱丽数码
53%
1990大拓太阳神
53%
1999成田路
50%
2001爱丽速子
50%
1999爱慕织姬
50%
1997目白光明
50%
1997待兼福来
50%
1983千明代表
50%
1985天狼星象征
47%
1988樱花千代王
44%
1990第一红宝石
44%
2002美妙姿势
44%
1998圣王光环
44%
1987稻荷一
44%
2016强击
44%
1997目白多伯
44%
1995富士奇石
44%
2010荣进闪耀
42%
2010真机伶
42%
1993雪之美人
42%
2012北港火山
42%
2004东商变革
42%
2015大鸣大放
42%
2000空中神宫
39%
2013小林历奇
39%
1986目白高峰
39%
1994樱花桂冠
39%
2009奇锐骏
39%
1999名将怒涛
39%
1992西野花
39%
1983葛城王牌
39%
2003新宇宙
39%
2007真弓快车
36%
1990生野狄杜斯
36%
1996新光风
36%
2002吉兆
36%
1991也文摄辉
36%
1995菱曙
36%
1990艾尼斯风神
33%
2015高尚骏逸
33%
1998鹤丸刚志
33%
2006川上公主
33%
1994微光飞驹
33%
1988青竹回忆
33%
1988八重无敌
33%
2020谋勇兼备
33%
1995美丽周日
31%
2009东瀛佐敦
31%
2003荒漠英雄
31%
2000跳舞城
31%
1991凯斯奇迹
31%
2002菱钻奇宝
31%
2009中山庆典
25%
2002谷野美酒
25%
2012极峰
25%
1997采珠
25%
2014万籁争鸣
22%
2001森林宝穴
19%
1993北方飞翔
19%
1994大森逊
17%
2005西沙里奥
11%
1993罗伊斯兄弟
11%

Score Distribution

Percentile by Number Answered

Percent of People with Each Score

Your Score History

You have not taken this quiz since the last reset